000 00424nam a22001697a 4500
003 BD-ChCU
005 20251127103203.0
008 251127b bg ||||| |||| 00| 0 ben d
040 _cBD-ChCU
082 _a523.10109
100 _aSkvirsky , D
_917029
245 _aon the track of discovery ./
_cD. Skvirsky
260 _aMoscow :
_bProgress pub.
300 _a190p
650 0 _aNuclear
_917030
942 _2ddc
_cBK
_n0
999 _c109897
_d109897